000 00680nam a22002177a 4500
005 20170124110006.0
010 _aB-219826
020 _c00.00
_a817141981
035 _aB-219826
037 _bCen Lib/Ret
040 _aDPL
_bEN
082 _a351.26
_bPAR
245 _aParadigms of public adminiatration and civil services /
_cedited by R.K. Pruthi
260 _aNew Delhi
_bDiscover publishing house
_c2005
270 _bNew Delhi
_a4831/24, Ansari road, daryaganj
_e110002
300 _a307p.
_c22cm(Hb)
650 _aPublic administration
_94733
650 _aCivil services
_99430
700 _aPruthi, R.K.
_916366
942 _2ddc
_cEN
_h351.26
_mPAR
999 _c126209
_d126209